Where did NBA starters go to college? - Statistics

General Stats
  • This quiz has been taken 127 times
  • The average score is 98 of 150
Answer Stats
Starter College % Correct
Kyrie Irving PG Celtics Duke
99%
Jayson Tatum SF Celtics Duke
99%
Austin Rivers PG Clippers Duke
99%
Brandon Ingram SF Lakers Duke
99%
Justice Winslow PF Heat Duke
99%
Jabari Parker PF Bucks Duke
99%
J.J. Redick SG 76ers Duke
99%
Michael Kidd-Gilchrist SF Hornets Kentucky
93%
Nerlens Noel PF Mavericks Kentucky
93%
Jamal Murray PG Nuggets Kentucky
93%
Eric Bledsoe PG Bucks Kentucky
93%
Karl Anthony-Towns C Timberwolves Kentucky
93%
Rajon Rondo PG Pelicans Kentucky
93%
Anthony Davis PF Pelicans Kentucky
93%
Demarcus Cousins C Pelicans Kentucky
93%
Enes Kanter C Knicks Kentucky
93%
Devin Booker SG Suns Kentucky
93%
De'Aaron Fox PG Kings Kentucky
93%
Skal Labissiere PF Kings Kentucky
93%
Willy Cauley-Stein C Kings Kentucky
93%
John Wall PG Wizards Kentucky
93%
Zach Lavine SG Bulls UCLA
92%
Kevin Love C Cavs UCLA
92%
Trevor Ariza SF Rockets UCLA
92%
Lonzo Ball PG Lakers UCLA
92%
Jrue Holiday SG Pelicans UCLA
92%
Russell Westbrook PG Thunder UCLA
92%
Al Horford PF Celtics Florida
91%
Chandler Parsons SF Grizzlies Florida
91%
Bradley Beal SG Wizards Florida
91%
Kevin Durant SF Warriors Texas
87%
Myles Turner C Pacers Texas
87%
Avery Bradley SG Clippers Texas
87%
D.J. Augustin PG Magic Texas
87%
Wayne Selden SG Grizzlies Kansas
86%
Andrew Wiggins SF Timberwolves Kansas
86%
Joel Embiid C 76ers Kansas
86%
Kelly Oubre Jr. SF Wizards Kansas
86%
Markieff Morris PF Wizards Kansas
86%
Tim Hardaway Jr SG Knicks Michigan
86%
Rondae Hollis-Jefferson SF Nets Arizona
81%
Stanley Johnson SG Pistons Arizona
81%
Gary Harris SG Nuggets Michigan State
81%
Draymond Green PF Warriors Michigan State
81%
Blake Griffin PF Pistons Oklahoma
81%
Buddy Hield SG Kings Oklahoma
81%
Kemba Walker PG Hornets Connecticut
79%
Jeremy Lamb SG Hornets Connecticut
79%
Wesley Matthews SG Mavericks Marquette
78%
Dwyane Wade SG Heat Marquette
78%
Jimmy Butler SG Timberwolves Marquette
78%
D'angelo Russell PG Nets Ohio State
78%
Mike Conley PG Grizzlies Ohio State
78%
Evan Turner SF TrailBlazers Ohio State
78%
Victor Oldaipo PG Pacers Indiana
77%
OG Anouby SF Raptors Indiana
77%
Dwight Howard C Hornets High School
76%
J.R. Smith SG Cavs High School
76%
Lebron James PF Cavs High School
76%
Gerald Green PF Rockets High School
76%
Thon Maker C Bucks High School
76%
John Collins PF Hawks Wake Forest
74%
Chris Paul PG Rockets Wake Forest
74%
Jeff Teague PG Timberwolves Wake Forest
74%
Al-Farouq Aminu PF TrailBlazers Wake Forest
74%
Ben Simmons PG 76ers LSU
73%
Garrett Temple SF Kings LSU
73%
Carmelo Anthony SF Thunder Syracuse
73%
Jermani Grant PF Thunder Syracuse
73%
Frank Ntilikina PG Knicks France
72%
Evan Fournier SF Magic France
72%
Tony Parker PG Spurs France
72%
Rudy Gobert C Jazz France
72%
Justin Holiday SF Bulls Washington
72%
Terrence Ross SG Magic Washington
72%
Marquese Chriss PF Suns Washington
72%
Stephen Curry PG Warriors Davidson
71%
Dennis Schroder PG Hawks Germany
70%
Dirk Nowitzki C Mavericks Germany
70%
Giannis Antetokoumnpo SF Bucks Greece
69%
Kyle Lowry PG Raptors Villanova
69%
James Harden SG Rockets Arizona State
66%
Marc Gasol C Grizzlies Spain
66%
Pau Gasol C Spurs Spain
66%
Ricky Rubio PG Jazz Spain
66%
Robin Lopez C Bulls Stanford
65%
Brook Lopez C Lakers Stanford
65%
Dwayne Dedmon C Hawks USC
65%
Taj Gibson PF Timberwolves USC
65%
Nikola Vucevic C Magic USC
65%
Demar Derozan SG Raptors USC
65%
Kyle Kuzma PF Lakers Utah
62%
Jacob Poetl PF Raptors Utah
62%
Manu Ginobli SG Spurs Argentina
60%
Marvin Willams PF Hornets UNC
60%
Harrison Barnes SF Mavericks UNC
60%
Reggie Bullock SF Pistons UNC
60%
Jaylen Brown SG Celtics California
59%
Ivan Rabb PF Grizzlies California
59%
Thaddeus Young PF Pacers Georgia
59%
NIkola Jokic C Nuggets Serbia
59%
Boban Marjanovic PF Clippers Serbia
59%
Aron Baynes C Celtics Washington State
59%
Klay Thomspon SG Warriors Washington State
59%
Taurean Prince SF Hawks Baylor
57%
Quincy Acy PF Nets Baylor
57%
Donovan Mitchell SG Jazz Louisville
56%
Dennis Smith Jr PG Mavericks NC State
56%
T.J. Warren SF Suns NC State
56%
Kahwi Leonard SF Spurs San Diego State
56%
DeAndre Jordan C Clippers Texas A&M
55%
Tobias Harris SF Clippers Tennessee
53%
Paul George SG Thunder Fresno State
52%
Joe Ingles SF Jazz Australia
51%
Kristaps Porzingis PF Knicks Latvia
51%
Michael Beasley SF Knicks Kansas State
47%
Kris Dunn PG Bulls Providence
47%
Damian Lillard PG TrailBlazers Weber State
47%
Bobby Portis PF Bulls Arkansas
45%
Kentavious Caldwell-Pope SG Lakers Georgia
45%
Josh Richardson SF Heat Tennessee
42%
Derrick Favors PF Jazz Georgia Tech
41%
C.J. Mccollum SG TrailBlazers Lehigh
41%
Goran Dragic PG Heat Slovenia
41%
Steven Adams C Thunder Pitt
40%
Timofey Mozgoy C Nets Russia
40%
Alex Len C Suns Maryland
38%
Spencer Dinwiddie SG Nets Colorado
36%
Marcing Gortat C Wizards Poland
36%
Dario Saric PF 76ers Croatia
35%
Jonas Valanciunas C Raptors Lithuania
31%
George Hill PG Cavs Purdue
31%
E'Twaun Moore SF Pelicans Purdue
31%
Reggie Jackson PG Pistons Boston College
30%
Javale Mcgee C Warriors Nevada
29%
Hassan Whitside C Heat Marshall
27%
Clint Capela C Rockets Switzerland
22%
Bismack Biyombo PF Magic Congo
21%
Rudy Gay PF Spurs Connecticut
21%
Tony Snell SG Bucks New Mexico
21%
Bojan Bogdanovic SF Pacers Bosnia
19%
Jusuf Nurkic C TrailBlazers Bosnia
19%
Rodney Hood SF Cavs Mississippi State
19%
Paul Millsap PF Nuggets Louisiana Tech
15%
Kent Bazemore SG Hawks Old Dominion
13%
Robert Covington SF 76ers Tennessee State
9%
Andre Drummond C Pistons Conneticut
8%
Wilson Chandler SF Nuggets DePaul
6%
Lance Stephenson SG Pacers Cincinatti
5%
Elfrid Payton PG Suns Louisana
3%
No matching quizzes found
Score Distribution
Percent of People with Each Score
Percentile by Number Answered
Your Score History
You have not taken this quiz